Statystyki dla Czy Znasz Definicję Następujących Słów?

Kliknij tutaj aby rozwiązać quiz!

Ogólne statystyki

  • Ten quiz został rozwiązany 163 razy
  • Średni wynik to 8 z 15

Statystyki odpowiedzi

ZagadnienieOdpowiedź% Poprawnych
NepotyzmFaworyzowanie krewnych i przyjaciół przy obsadzaniu wysokich stanowisk
76%
NiefrasobliwyOkreślenie osoby żyjącej w beztrosce, nieskłonnej do zmartwień
71%
PejoratywnyInaczej- mający negatywny, ujemny (obraźliwy) wydźwięk
66%
KonfabulacjaZmyślanie, koloryzowanie na jakiś temat
63%
DekadencjaRozkład dotychczasowych wartości moralnych, kulturalnych lub społecznych
59%
AfirmacjaZgoda na coś, uznanie czegoś za dobre
52%
AbnegatOsoba niedbająca o swój wygląd, o swoje korzyści
49%
KowariancjaTermin matematyczny, wielkość zależna od stopnia korelacji zmiennych losowych
49%
EgalitaryzmPrzekonanie o tym, że wszyscy ludzie są równi i powinni mieć jednakowe prawa
48%
OportunistaOsoba bez zasad, przystosowująca się do okoliczności dla uzyskania osobistych korzyści
47%
ReminiscencjaWspomnienie rzeczy, spraw minionych i refleksje z nimi związane
46%
DyletantOsoba zajmująca się jakąś dziedziną albo wypowiadający się o niej bez fachowej wiedzy
41%
AmbiwalentnyInaczej- zawierający elementy przeciwstawne
33%
TautologiaKonstrukcja językowa, w której poszczególne wyrazy powtarzają swoje znaczenie
32%
TrychotomiaPodział trójczłonowy, podział na trzy części
23%

Rozkład punktacji

Percentyl według liczby udzielonych odpowiedzi

Procent ludzi z każdym wynikiem

Twoja historia wyników

Nie rozwiązałeś tego quizu